000 00518nam a2200205Ia 4500
005 20260429112106.0
008 260429s9999||||xx |||||||||||||| ||und||
020 _a9781032743530
041 _aEnglish
082 _a576.5
_bBRO
100 _aBrown, Terry
245 0 _aIntroduction to genetics :
_ba molecular approach /
_cTerry Brown
250 _a2nd ed.
260 _aBoca Raton :
_bCRC Press,
_c2025.
300 _axxv, 524 p.; pbk
650 _a DNA
650 _a RNA
650 _aGenes
942 _cTB
999 _c52310
_d52310